000
00312nam a22001097a 4500
040
_c
RUA
082
_a
CRC NEW 2011 C332 Or.
245
_a
Cambodian Red Cross,កាកបាទក្រហមកម្ពុជា
260
_a
phnom penh
_b
rua
_c
2011
300
_a
64p.
_b
ill.
_c
29cm.0125458856611854
942
_c
REC
999
_c
22032
_d
22032